| 000 | 00596nam a2200205 a 4500 | ||
|---|---|---|---|
| 001 | BRCA_2786 | ||
| 005 | 20190320203952.0 | ||
| 008 | 081208s1910----sp-a---###---#000-0#spa-# | ||
| 050 | 4 |
_aND813.S6 _b.D66 1910 |
|
| 100 | 1 |
_aDoménech, Rafael _97829 |
|
| 245 | 1 | 0 |
_aSorolla _bsu vida y su arte _cRafael Doménech. |
| 260 |
_aMadrid _bL. Miguel _c1910 |
||
| 300 |
_axxxvi, 87 p. _bil. _c28 cm. |
||
| 440 | 0 |
_aBiblioteca de arte español _n1 _97830 |
|
| 500 | _aAA8 | ||
| 600 | 1 | 4 |
_aSorolla y Bastida, Joaquín _d1863-1923 _97831 |
| 650 | 1 | 4 |
_aPintores españoles _97620 |
| 902 | _aGFM | ||
| 942 |
_2lcc _cB |
||
| 999 |
_c2526 _d2526 |
||